000
00278nam a2200109Ia 4500
008
240625s9999 xx 000 0 und d
041
_a
eng
082
_a
4.678 LAM
100
_a
TODD LAMMLE
245
_a
CCNA CISCO CERTIFIED NETWORK ASSOCIATE STUDY GUIDE EXAM 64
260
_c
2007
999
_c
34075
_d
34075